Ryde International plc v London Regional Transport (Record no. 74299)

MARC details
000 -LEADER
fixed length control field 02294cab a2200325 4500
001 - CONTROL NUMBER
control field ABS67611
008 - FIXED-LENGTH DATA ELEMENTS--GENERAL INFORMATION
fixed length control field 040324n2004 000 0 eng u
035 ## - SYSTEM CONTROL NUMBER
System control number (Sirsi) u125564
245 ## - TITLE STATEMENT
Title Ryde International plc v London Regional Transport
260 ## - PUBLICATION, DISTRIBUTION, ETC.
Date of publication, distribution, etc. 2004
490 ## - SERIES STATEMENT
Series statement Rating and Valuation Reporter
Volume/sequential designation [2004] RVR 60-65(7)
520 ## - SUMMARY, ETC.
Summary, etc. [2004] EWCA Civ 232, 5 March 2004. Appeal by claimant R against LT decision (ACQ/147/2000, Abs67059) with regards to compensation payable to R for freehold interest in block of flats compulsorily acquired by L in connection with the Croydon Tramlink Scheme. Appeal was concerned with the assessment of compensation payable at valuation date. LT had assessed the compensation due to R under Land Compensation Act 1961 s5-rule-2 for the value of the land in the open market at the valuation date and concluded that R was not entitled to be separately compensated for loss of profit under the 1961 Act s5-rule-6. R argued that if the land had not been acquired by T it would have marketed and sold the flats to individual purchasers at a profit and that assessing the value on the basis of a single sale was tantamount to paying less for the land than it was really worth. "Held": LT decision upheld on the grounds that R was not entitled to separate compensation under s5-rule-6 as compensation for the value of the land on the valuation date had reflected its potentiality for profit making. (See also Abs63843). View judgment at www.bailii.org.
590 ## - LOCAL NOTE (RLIN)
Local note ABS
650 ## - SUBJECT ADDED ENTRY--TOPICAL TERM
Topical term or geographic name entry element RYDE INTERNATIONAL PLC V LONDON REGIONAL TRANSPORT
650 ## - SUBJECT ADDED ENTRY--TOPICAL TERM
Topical term or geographic name entry element COMPENSATION
650 ## - SUBJECT ADDED ENTRY--TOPICAL TERM
Topical term or geographic name entry element LAND COMPENSATION ACT 1961 S5-RULE-5
650 ## - SUBJECT ADDED ENTRY--TOPICAL TERM
Topical term or geographic name entry element LAND COMPENSATION ACT 1961 S5-RULE-5
650 ## - SUBJECT ADDED ENTRY--TOPICAL TERM
Topical term or geographic name entry element DIRECTOR OF BUILDINGS AND LANDS V SHUN FUNG IRONWORKS LTD
650 ## - SUBJECT ADDED ENTRY--TOPICAL TERM
Topical term or geographic name entry element SHELTERED HOUSING
650 ## - SUBJECT ADDED ENTRY--TOPICAL TERM
Topical term or geographic name entry element REPAIR COSTS
650 ## - SUBJECT ADDED ENTRY--TOPICAL TERM
Topical term or geographic name entry element MANAGEMENT COSTS
650 ## - SUBJECT ADDED ENTRY--TOPICAL TERM
Topical term or geographic name entry element OPEN MARKET VALUE
650 ## - SUBJECT ADDED ENTRY--TOPICAL TERM
Topical term or geographic name entry element BLIGHT
650 ## - SUBJECT ADDED ENTRY--TOPICAL TERM
Topical term or geographic name entry element LOSS OF PROFITS
650 ## - SUBJECT ADDED ENTRY--TOPICAL TERM
Topical term or geographic name entry element COSTS
650 ## - SUBJECT ADDED ENTRY--TOPICAL TERM
Topical term or geographic name entry element FREEHOLD INTEREST
690 ## - LOCAL SUBJECT ADDED ENTRY--TOPICAL TERM (OCLC, RLIN)
Topical term or geographic name as entry element ENVIRONMENTAL AND LAND CONSULTANCY-PLANNING AND DEVELOPMENT-COMPULSORY PURCHASE AND COMPENSATION
856 ## - ELECTRONIC LOCATION AND ACCESS
Uniform Resource Identifier <a href="https://www.bailii.org/cgi-bin/markup.cgi?doc=/ew/cases/EWCA/Civ/2004/232.html&query=Ryde+&method=all">https://www.bailii.org/cgi-bin/markup.cgi?doc=/ew/cases/EWCA/Civ/2004/232.html&query=Ryde+&method=all</a>
Public note View on the BAILII website...
942 ## - ADDED ENTRY ELEMENTS (KOHA)
Suppress in OPAC 0
Holdings
Withdrawn status Lost status Source of classification or shelving scheme Damaged status Not for loan Home library Current library Shelving location Date acquired Total Checkouts Full call number Barcode Date last seen Copy number Price effective from Koha item type
    Dewey Decimal Classification     London London Journal article 24/03/2004   ABS67611 125564-1001 06/08/2019 1 06/08/2019 Law report